1857 1471 1809 1435 1383 1612 1046 1259 1790 1875 1035 1361 1888 1227 1073 1305 1862 1829 1678 1993 1076 1551 1034 1431 1905 1425 1306 1071 1298 1152 1500 1300 1234 1032 1393 1974 1629 1593 1333 1488 1329 1178 1700 1830 1549 1369 1440 1410 1799 1587 1467 1662 1083 1760 1278 1655 1161 1243 1082 1860 1055 1680 1898 1169 1532 1889 1316 1094 1806 1817 1101 1692 1303 1124 1008 1017 1211 1558 1788 1805 1484 1319 1243 1199 1267 1133 1487 1631 1760 1176 1739 1831 1892 1059 1117 1000 1558 1401 1732 BCNSPRNW ULIB Ver.6.0+V

เปลี่ยนเป็นภาษาไทย

Change to English
 แสดงรายละเอียดบรรณานุกรม
  กลับหน้าหลัก

Brief Record : Get Marc (ISO 2709) : E-mail record : QR code < ปิดหน้าต่าง
LEADER : 00000nam 2200000uu 4500
001    13399124087
003     ULIB
008    150115s2556||||th 000 0 tha d
020    ^a9786162792144
060 04 ^aWB115^bพ641อ
245 00 ^aอายุรศาสตร์ทันยุค 2556 =^bUpdate in internal medicine 2013 /^cบรรณาธิการ, พูลชัย จรัสเจริญวิทยา, วันรัชดา คัชมาตย์, พจมาน พิศาลประภา
246 31 ^aUpdate in internal medicine 2013
250    ^aพิมพ์ครั้งที่ 1
260    ^aกรุงเทพฯ :^bภาควิชาอายุรศาสตร์ คณะแพทยศาสตร์ศิริราชพยาบาลมหาวิทยาลัยมหิดล,^c2556
300    ^a[18], 528 หน้า :^bภาพประกอบ ;^c26 ซม.
505 0  ^a^tการวินิจฉัยวัณโรคด้วยเครื่องมือใหม่ - -^tการวินิจฉัยวัณโรคด้วยการเพาะเชื้อ - -^tการตรวจประเมินจุดในปอดด้วยภาพรังสีทรวงอก --^tการตรวจสมรรถภาพปอด - -^tการประเมินการทำงานของเกล็ดเลือดด้วย Throboelastography - -^tการตรวจเบื้องต้นเพื่อการวินิจฉัยโรคเลือดออกง่าย- -^tการตรวจเพื่อหการวินิจฉัยภาวะลิ่มเลือดอุดตันหลอดเลือด - -^tการตรวจเพื่อการวินิจฉัยภาวะโลหิตจางจากการขาดสารอาหาร- -^tการตรวจระดับซีรั่มแอลบูมินและการประเมินภาวะโภชนาการ - -^tการตรวจวิเคราะห์ก๊าซในเลือดแดง - -^tการประเมินการหายใจไม่สัมพันธ์กับเครื่อง - -^tการติดตามการหายใจด้วยวิธี non-invasive - -^tเป้าหมายของการรักษาภาวะช็อก - -^tการวัดความดันโลหิตที่บ้านและติดตามความดันโลหิตตลอด 24 ชั่วโมง - -^tการตรวจทางพันธุศาสตร์ - -^tการสืบค้นที่เหมาะสมสำหรับภาวะสับสนในผู้ป่วยสูงอายุ - -^tเกณฑ์การวินิจฉัยใหม่สำหรับโรคอัลไซเมอร์ : บทบาทของเครื่องหมายชีวภาพ - -^tการตรรวจพิเศษทางรังสีของระบบประสาท - -^tการตรวจภาพรังสีเพื่อประเมินโรคหลอดเลือดสมอง - -^tแนวทางการสืบค้นอาการปวดศีรษะ - -^tการตรวจวิเคราะห์น้ำไขสันหลังเพื่อการวินิจฉัยโรคระบบประสาทที่ไม่ได้เกิดจากการติดเชืิ้อ - -^tการตรวจวิเคราะห์น้ำไขสันหลังเพื่อการวินิจฉัยโรคสมองติดเชื้อ- -^tAntinuclear antibody ในโรคข้อและรูมาติสซั่ม - -^tเงื่อนชี้นำในโรคผิวหนังสำหรับอายุรแพทย์- -^tการตรวจเพื่อติดตามการรักษาเบาหวาน - -^tการตรวจการทำงานของต่อมไทรอยด์ - -^tการวินิจฉัยและการรักษาโรคติดเชื้อทางเดินหายใจส่วนบน - -^tการวินิจฉัยและการรักษาไข้เฉียบพลันที่ไม่ทราบสาเหตุ - -^tไข้ไม่ทราบสาเหตุอันเนื่องมาจากการติดเชื้อ - -^tไข้ไม่ทราบสาเหตุอันเนื่องมาจากมะเร็ง - -^tการตรวจเพื่อวินิจฉัยโรคติดเชื้อราชนิตลุกลาม - -^tการตรวจวเพื่อวินิจฉัยปอดอักเสบที่เกี่่ยวข้องกับเครื่องช่วยหายใจ - -^tการตรวจเพื่อวินิจฉัยการติดเชื้อเอชไอวีในผู้ใหญ่ - -^tการทดสอบภูมิแพ้ - -^tการตรวจเพื่อวินิจฉัยโรคโกลเมอรูลัส - -^tการตรวจวินิจฉัยความผิดปกติของดุลกรดด่างแบบเป็นขั้นตอน - -^tสารบ่งชี้มะเร็ง - -^tการตรวจประเมินการทำงานของตับ - -^tการตรวจทางรังสีวิทยาในภาวะตับแข็ง - -^tการตรวจเพื่อวินิจฉัยโรคไวรัสตับอักเสบเฉียบพลันและเรื้อรัง - -^tการตรวจเพื่อวินิจฉัยอาการปวดลิ้นปี่เฉียบพลัน - -^tการตรวจหาเลือดออกแฝงในอุจจาระ - -^tการตรวจวัดสสารเพื่อวินิจฉัยภาวะหัวใจขาดเลือดเฉียบพลัน - -^tการตรวจแคลเซียมในผนังหลอดเลือดโคโรนารี- -^tการวินิจฉัยมลพิษอย่างเฉียบพลัน
650  4 ^aอายุรศาสตร์
650  4 ^aอายุรศาสตร์^vรวมเรื่อง
650  4 ^aการประกอบวิชาชีพเวชกรรม
650  4 ^aการวินิจฉัยโรค
650  4 ^aการรักษาโรค
653    ^aผลงานอาจารย์คณะแพทยศาสตร์ศิริราชพยาบาล
700 0  ^aพูลชัย จรัสเจริญวิทยา,^eบรรณาธิการ
700 0  ^aวันรัชดา คัชมาตย์,^eบรรณาธิการ
700 0  ^aพจมาน พิศาลประภา,^eบรรณาธิการ
710    ^aมหาวิทยาลัยมหิดล. ^bคณะแพทยศาสตร์ศิริราชพยาบาล.^bภาควิชาอายุรศาสตร์
945    ^p390^l0^i038198
945    ^p390^l0^i038199
945    ^p390^l0^i038200
945    ^p390^l0^i038201
945    ^p390^l0^i038202
999    ^aเกษร โพธิ์สุวรรณ
รายการนี้ยังไม่มีแท็ก
คุณยังไม่ได้ล็อกอิน คุณสามารถมีกิจกรรมร่วมกับเว็บไซต์ได้ แต่ต้องล็อกอินก่อน ::
  ล็อกอิน

รายการสื่อสารสนเทศ

ลำดับที่ ประเภท เลขเรียก/บาร์โค้ด สถานที่ สถานะ
1. วิทยาศาสตร์การแพทย์ และสุขภาพ
หนังสือสำรอง
สถานะ=หนังสือสำรอง
WB115 พ641อ ฉ.1 
  Barcode: 038198
ห้องสมุดวิทยาเขตสวรรค์ประชารักษ์
►ส่วนจัดเก็บหนังสือเก่า สปร
บนชั้น
  ขอยืม
2. วิทยาศาสตร์การแพทย์ และสุขภาพ
วิทยาศาสตร์การแพทย์ และสุขภาพ
สถานะ=หนังสือเก่า
WB115 พ641อ ฉ.2 
  Barcode: 038199
ห้องสมุดวิทยาเขตสวรรค์ประชารักษ์
►ส่วนจัดเก็บหนังสือเก่า สปร
บนชั้น
  ขอยืม
3. วิทยาศาสตร์การแพทย์ และสุขภาพ
วิทยาศาสตร์การแพทย์ และสุขภาพ
WB115 พ641อ ฉ.3 
  Barcode: 038200
ห้องสมุดวิทยาเขตสวรรค์ประชารักษ์
►ส่วนจัดเก็บหนังสือเก่า สปร
บนชั้น
  ขอยืม
4. วิทยาศาสตร์การแพทย์ และสุขภาพ
วิทยาศาสตร์การแพทย์ และสุขภาพ
WB115 พ641อ ฉ.4 
  Barcode: 038201
ห้องสมุดวิทยาเขตสวรรค์ประชารักษ์
►ส่วนจัดเก็บหนังสือเก่า สปร
บนชั้น
  ขอยืม
5. วิทยาศาสตร์การแพทย์ และสุขภาพ
วิทยาศาสตร์การแพทย์ และสุขภาพ
สถานะ=หนังสือเก่า
WB115 พ641อ ฉ.5 
  Barcode: 038202
ห้องสมุดวิทยาเขตสวรรค์ประชารักษ์
►ส่วนจัดเก็บหนังสือเก่า สปร
บนชั้น
  ขอยืม

รายการใกล้เคียง
    หัวเรื่อง [อายุรศาสตร์]
    หัวเรื่อง [การประกอบวิชาชีพเวชกรรม]
    หัวเรื่อง [การวินิจฉัยโรค]
    หัวเรื่อง [การรักษาโรค]

BibComment


ยังไม่เคยถูกคอมเมนท์

คอมเมนท์ทรัพยากรรายการนี้
  คอมเมนท์: อายุรศาสตร์ทันยุ..


 Copyright 2026. Bcnsprnw @Library